NINETEENTH-CENTURY AMERICAN SCIENCE (Record no. 213342)

MARC details
000 -LEADER
fixed length control field 00423nam a22001457a 4500
008 - FIXED-LENGTH DATA ELEMENTS--GENERAL INFORMATION
fixed length control field 241025b |||||||| |||| 00| 0 eng d
020 ## - INTERNATIONAL STANDARD BOOK NUMBER
International Standard Book Number 0-8101-0381-8
050 ## - LIBRARY OF CONGRESS CALL NUMBER
Classification number Q 127 .U6 N56 1972
Item number C.1
100 ## - MAIN ENTRY--PERSONAL NAME
Personal name DANIELS, GEORGE H.
245 ## - TITLE STATEMENT
Title NINETEENTH-CENTURY AMERICAN SCIENCE
Remainder of title A REAPPRAISAL
260 ## - PUBLICATION, DISTRIBUTION, ETC.
Place of publication, distribution, etc. EVANSTON
Name of publisher, distributor, etc. NORTHWESTERN UNIVERSITY PRESS
Date of publication, distribution, etc. 1972
300 ## - PHYSICAL DESCRIPTION
Extent XV, .P274
942 ## - ADDED ENTRY ELEMENTS (KOHA)
Source of classification or shelving scheme Library of Congress Classification
Koha item type Long Loan Book
Holdings
Withdrawn status Lost status Source of classification or shelving scheme Damaged status Not for loan Collection Home library Current library Shelving location Date acquired Inventory number Total checkouts Full call number Barcode Date last seen Copy number Price effective from Koha item type
    Library of Congress Classification     Science & Technology Kisii University Library Kisii University Library On Display 10/25/2024 102670   Q 127 .U6 N56 1972 000000012891 10/25/2024 C.1 10/25/2024 Long Loan Book